000 00166nam a22000857a 4500
082 _a823
100 _aBEATRIX POTTER
245 _aRAYMOND BRIGGS THE SNOWMAN
942 _cBK
999 _c8429
_d8429